|
|
|
|
| LEADER |
00000nab a2200000 a 4500 |
| 001 |
vtls000574086 |
| 003 |
SK-MaSNL |
| 005 |
20260304215914.0 |
| 008 |
250425c1995 xo 0 slo |
| 015 |
|
|
|a SNBRB19rr/mm-uuuuu
|
| 035 |
|
|
|a CL0574224
|
| 035 |
|
|
|a urn:nbn:sk:snk-abakgy
|
| 035 |
|
|
|a (urnnbn)urn:nbn:sk:snk:ar-a0a0wn
|
| 035 |
|
|
|a (uuid)c21dddc8-5891-4bfe-b57f-19826a0e22a9
|
| 040 |
|
|
|a SNKBUCL
|b slo
|c SNKBUCL
|e AACR2
|
| 041 |
0 |
|
|a cze
|
| 044 |
|
|
|a xo
|c SK
|
| 080 |
|
|
|a 616-008.9
|2 1981
|
| 080 |
|
|
|a 616.153.922
|2 1981
|
| 245 |
0 |
0 |
|a Extrakorporální eliminace LDL-cholesterolu v léčbě hypercholesterolémie: indikace a metody
|c Vladimír Bláha ... [et al.]
|
| 300 |
|
|
|b Tab. 1, res. angl., čes., lit. 40 zázn. v angl.
|
| 650 |
0 |
7 |
|a hypercholesterolémia
|2 snkbucl
|9 16567
|
| 655 |
|
7 |
|a články z novín a časopisov
|2 snkbucl
|9 267496
|
| 700 |
1 |
|
|a Blaha, Vladimír,
|d 1964-
|4 aut
|9 258831
|
| 700 |
1 |
|
|a Havel, E.
|4 aut
|9 901769
|
| 700 |
1 |
|
|a Zadák, Zdeněk,
|d 1937-
|4 aut
|9 216699
|
| 700 |
1 |
|
|a Pidrman, Vladimír,
|d 1931-2000
|4 aut
|9 88577
|
| 700 |
1 |
|
|a Bláha, M.
|4 aut
|9 552717
|
| 700 |
1 |
|
|a Kalinová, M.
|4 aut
|9 673533
|
| 773 |
0 |
|
|t Vnitřní lékařství
|g Roč. 41, č. 10 (1995), s. 724-729
|x 0042-773X
|
| 850 |
|
|
|a Slovenská národná knižnica
|
| 852 |
|
|
|a Slovenská národná knižnica
|
| 954 |
|
|
|a odborná, vedecká literatúra cudzojazyčná (svetová)
|2 lita
|
| 958 |
|
|
|a article14
|
| 958 |
|
|
|a OND
|
| 958 |
|
|
|a RK
|
| 958 |
|
|
|a CZ
|
| 958 |
|
|
|a MI
|
| 958 |
|
|
|a EUIPO
|
| 992 |
|
|
|a RBX
|
| 999 |
|
|
|c 3148875
|d 3150805
|